Sabrina: Manga #26 /

Sabrina decides to return to magic, and just to make sure she does, her aunts find an ancient wizard to tutor her. The only problem is, he's beyond rusty and seems more than a little wacky. Or is he? Meanwhile, Llandra has no interest in reconciling with Sabrina, but Shinji is hoping he and Sab...

Full description

Bibliographic Details
Corporate Author: Library Pass, LLC
Format: eBook
Language:English
Published: [United States] : Archie Comics, 2010.
Subjects:
Online Access:Connect to this electronic book (First time users create your free account)

MARC

Tag First Indicator Second Indicator Subfields
LEADER 00000nmm a22000001a 4500
001 in00004629113
006 m|||||o||m||||||||
007 cr|cn |||uuuuu
008 221118s2010 xxu||||do|||| ||||||eng d
005 20221207222100.5
035 |a (TxWaIVM)IV798ArSa 
040 |a TxWaIVM  |c TxWaIVM 
245 0 0 |a Sabrina: Manga #26 /  |c powered by Library Pass. 
260 3 |a [United States] :  |b Archie Comics,  |c 2010. 
300 |a 1 online resource. 
336 |a text  |b txt  |2 rdacontent 
337 |a computer  |b c  |2 rdamedia 
338 |a online resource  |b cr  |2 rdacarrier 
520 |a Sabrina decides to return to magic, and just to make sure she does, her aunts find an ancient wizard to tutor her. The only problem is, he's beyond rusty and seems more than a little wacky. Or is he? Meanwhile, Llandra has no interest in reconciling with Sabrina, but Shinji is hoping he and Sabrina can put their differences aside so Sabrina will rejoin the Four Blades. On the human side of things, Sabrina laments the fact that her new relationship with Harvey can't be as "normal" as she hoped - once again, she has to hide her magic abilities! Originally published Sabrina #83 
521 |a 2 
538 |a Requires a valid library card and registration for new users. 
538 |a Mode of access: World Wide Web. 
538 |a System requirements: Flash 10.1 or higher, Windows XP and higher, Internet Explorer 7 and higher, Firefox 3.6 and higher, Google Chrome; Max OS 10.5 and higher, Safari 4 and higher. 
650 0 |a Humor 
655 7 |a Electronic books.  |2 local 
655 7 |a Humor  |2 gsafd 
650 0 |a Fantasy comic books, strips, etc. 
655 7 |a Fantasy comic books, strips, etc.  |2 gsafd 
650 0 |a Comic books, strips, etc. 
655 7 |a Comic books, strips, etc.  |2 gsafd 
650 0 |a Romance comic books, strips, etc. 
655 7 |a Romance comic books, strips, etc.  |2 gsafd 
650 0 |a Doujinshi (deactivated) 
655 7 |a Doujinshi (deactivated)  |2 gsafd 
700 1 |a Rio, Tania del.  |e artist. 
710 2 |a Library Pass, LLC. 
856 4 0 |u http://proxy.library.tamu.edu/login?url=https://tamu.librarypass.com/product/com.iversecomics.archie.comics.sabrina.manga.twenty.six.08042010  |z Connect to this electronic book (First time users create your free account)  |t 0 
955 |a Comics Plus. 
999 f f |s 3fc16f9b-0497-47d5-b496-ff3eedbde071  |i 5a7332cc-61f9-4bb3-ac11-3bd0b96f7183  |t 0 
952 f f |a Texas A&M University  |b College Station  |c Electronic Resources  |d Available Online  |t 0  |h Library of Congress classification 
998 f f |t 0  |l Available Online